| 000 | 00377cam a2200145ua 4500 | ||
|---|---|---|---|
| 041 |
_aeng _h |
||
| 082 |
_a621.89 _bMIC/LU |
||
| 100 | _aMichell, A.G.M . | ||
| 245 |
_aLubrication: Its principles and practice / _cA.G.M.Michell. _hTextual Documents |
||
| 260 |
_aLondon : _bBlackie & Son Ltd , _c1950. |
||
| 300 | _a317 ; . | ||
| 504 | _a | ||
| 942 | _cBK | ||
| 999 |
_c8764 _d8764 |
||